Регионална библиотека "Любен Каравелов" - Русе

[Седемте] 7-те навика на ефективните хора (Запис номер 162882)

MARC детайли
000 -Лидер
Контролно поле с фиксирана дължина 02448nam a2200397 c 4500
003 - Код на организацията, давaща контролен номер
Контролно поле BLK
005 - Дата и час на последна редакция
Контролно поле 20240312162326.0
008 - Елементи от данни с фиксирана дължина
fixed length control field 180410b bul|||||r ||||||| ||bul||
010 ## - Наследен системен номер
LC control number KNG00170265000
020 ## - Международен стандартен номер на книга ISBN
Международен стандартен номер на книга ISBN 954-8716-02-Х
-- издат.: Арета
040 ## - Източник на каталожния запис
Идентификатор на билиотеката - собственик на записа BLK
041 ## - Код за език
Код за езика на текст/звукозапис или на отделно заглавие Български
Код за езика КДБФ Български
080 ## - УДК
Текстов определител УДК Индивидуална психология. Психология на личността. Индивидуалност. Психология на характера. Характерология. Психологическа типология
УДК код - определител по УДК 159.923
УДК определител (035)
УДК - код + определител 159.923(035)
080 ## - УДК
Текстов определител УДК Социално поведение. Социална психология
УДК код - определител по УДК 316.6
УДК определител (035)
УДК - код + определител 316.6(035)
080 ## - УДК
Текстов определител УДК Индивидуална етика. Морално съзнание. Задължения на човека към самия себе си. Поведение на отделен човек
УДК код - определител по УДК 171
УДК определител (035)
УДК - код + определител 171(035)
100 ## - Редна дума - Автор
Автор Кови, Стивън Ричърдс
R(LIN) 269040
139 ## - Редно поле
Редна дума Кови, Стивън
Авторски знак Ковач - К 72
245 10 - Сведения за заглавието
Заглавие [Седемте] 7-те навика на ефективните хора
Подзаглавни данни Изследване
Редно поле (дума) Стивън Ричърдс Кови; прев. от англ. Анна Георгиева.
257 ## - Страна на издаване
Страна на създаване/издаване Съединени американски щати
260 ## - Област на издателските данни
-- София
Име на издателя, разпространителя и проч. Арета
Година на издаване 1994
Печатница Перник : Полиграф
300 ## - Физическа характеристика
Страници 351 с.
Илюстрации и др. с табл., сх.
Размери/Мащаб 22 см
380 ## - Жанр
Жанр Философия
500 ## - Общи забележки
Забележка Ориг. загл. The seven habits of highly effective people : restoring the character ethic / Stephen R. Covey Съдържа и Вероятни възприятия, идващи от различните центрове ; Примерен работен ден, преживян според принципите на втори квадрат.
650 #4 - Допълнително описание по предмет – тема
Основно описание – тема или топоним Личност - психология - наръчници и ръководства
9 (RLIN) 249973
650 #4 - Допълнително описание по предмет – тема
Основно описание – тема или топоним Общуване - психология
9 (RLIN) 243162
650 #4 - Допълнително описание по предмет – тема
Основно описание – тема или топоним Поведение - наръчници и ръководства
9 (RLIN) 248908
653 ## - Ключова дума – ненормативна
Ключова дума психология на личността
653 ## - Ключова дума – ненормативна
Ключова дума ефективност
700 1# - Други автори (авторска отговорност)
Лично име Георгиева, Анна
Автороска отговорност (Описва отношението между автора и произведението) прев. от англ.
9 (RLIN) 370361
852 ## - Местоположение
Форматна сигнатура Цб 181675
856 4# - Електронен адрес и достъп
Електронен формат pdf - файл
Път до файла /url/
856 4# - Електронен адрес и достъп
Електронен формат pdf - файл
Път до файла /url/
942 ## - АРТИКУЛИ
Вид на библиотечния материал Книги
Скрит в OPAC Не
944 ## - СЪЗДАВАНЕ И РЕДАКЦИЯ на ЗАПИСА
Създаване/Редакция Създаване
Дата на регистрацията/редакция 27.01.2015
Служител, извършил регистрацията/редакцията 30560
Статус, дата на статуса Геновева Генчева
944 ## - СЪЗДАВАНЕ И РЕДАКЦИЯ на ЗАПИСА
Създаване/Редакция Редакция
Дата на регистрацията/редакция 17.07.2015
Служител, извършил регистрацията/редакцията Виолета_Тройчева
999 ## - СИСТЕМНИ КОНТРОЛНИ НОМЕРА
Koha biblionumber 162882
Koha biblioitemnumber 162882
Наличности
Код за отписване Код за изгубен артикул Източник на класификационната схема Код за повреда Коз за рестрикции Код за отдаване Артикулен № Име на библиотеката - собственик Име на библиотеката, в която се намира в момента Статус (Текущо местоположение) Дата на вписване в системата Местоположение - отдел Цена в лева Инвентарен номер Систематично азбучна сигнатура Баркод Номер на екземпляра Цена в евро Служебна бележка Служебен тип на артикула
  Не е изгубен Universal Decimal Classification Не е повреден без рестрикции ползва се в читалня 272287 Регионална библиотека "Любен Каравелов" Русе Регионална библиотека "Любен Каравелов" Русе Хранилище 1994-01-01 Хранилище 1.96 607111 Цб 181675 120000607111 1 1.00 Дост: Dp Вид: Д N: стар фонд Дата: 01.01.1994 Дата инв: 27.01.2015 Бележки инв: Цб2015 Книги
Изтеглен Не е изгубен Universal Decimal Classification Не е повреден без рестрикции заемане за дома 272288 Регионална библиотека "Любен Каравелов" Русе Регионална библиотека "Любен Каравелов" Русе Заемна - подръчен фонд 1994-01-01 Заемна - подръчен фонд 1.96 607742 П 152/К 72 607742 2 1.00 Дост: Pk Вид: Ф N: стар фонд Дата: 01.01.1994 Книги
Изтеглен Не е изгубен Universal Decimal Classification Не е повреден без рестрикции заемане за дома 272289 Регионална библиотека "Любен Каравелов" Русе Регионална библиотека "Любен Каравелов" Русе Заемна - подръчен фонд 1994-01-01 Заемна - подръчен фонд 1.96 607743 П 152/К 72 607743 3 1.00 Дост: Pk Вид: Ф N: стар фонд Дата: 01.01.1994 Книги
Vip Innovations Ltd, Rousse, Bulgaria 2025